000 00382nam a22001337a 4500
003 URS
005 20251001165704.0
040 _cURS
050 _aHF 5657.4 C117
100 _aCabrera, Ma. Elenita Balatbat C.
245 _aManagement Advisory Services
_bCPA Reviewer |
_cCabrera, Ma. Elenita Balatbat C.
264 _aManila:
_bGIC Enterprises ^ Co., Inc.,
_c[2007]
942 _2lcc
_cBK
999 _c87102
_d87100